مكتبة جامعة عجلون الوطنية

فهرس بحث المكتبة

Operations on Atanassov's Intuitionistic Shadowed Sets with Application / (Record no. 33600)

MARC details
000 -LEADER
fixed length control field 00833nam a22002057a 4500
003 - CONTROL NUMBER IDENTIFIER
control field JO-AjAnu
005 - DATE AND TIME OF LATEST TRANSACTION
control field 20240709104521.0
008 - FIXED-LENGTH DATA ELEMENTS--GENERAL INFORMATION
fixed length control field 240708b jo ||||| |||| 00| 0 ara d
040 ## - CATALOGING SOURCE
Original cataloging agency JO-AjAnu
Language of cataloging eng
Transcribing agency JO-AjAnu
Description conventions rda
041 ## - LANGUAGE CODE
Language code of text/sound track or separate title eng
Language code of original eng
050 ## - LIBRARY OF CONGRESS CALL NUMBER
Classification number QA248
Item number 2024
100 #1 - MAIN ENTRY--PERSONAL NAME
Personal name Helael، Nouh Zeyad Mohammad
Relator term prepared
9 (RLIN) 66101
245 #0 - TITLE STATEMENT
Title Operations on Atanassov's Intuitionistic Shadowed Sets with Application /
Statement of responsibility, etc. Preparation Nouh Zeyad Mohammad Helael - Supervisor Abd Ulazeez Moh'd Jumah S. Alkouri
260 ## - PUBLICATION, DISTRIBUTION, ETC.
Date of publication, distribution, etc. 2024
300 ## - PHYSICAL DESCRIPTION
Extent 55 paper
500 ## - GENERAL NOTE
General note University thesis (Master’s thesis in mathematics), Ajloun National University (Ajloun, Jordan), College of Science, 2024
650 70 - SUBJECT ADDED ENTRY--TOPICAL TERM
Topical term or geographic name entry element Operations on Atanassov's
9 (RLIN) 66102
700 #1 - ADDED ENTRY--PERSONAL NAME
Personal name Abd Ulazaaz Moh'd Jumah S. Alkouri
Relator term Supervisor
9 (RLIN) 65097
942 ## - ADDED ENTRY ELEMENTS (KOHA)
Source of classification or shelving scheme Library of Congress Classification
Koha item type Thesis
Suppress in OPAC No
Holdings
Withdrawn status Lost status Source of classification or shelving scheme Damaged status Not for loan Home library Current library Date acquired Total Checkouts Full call number Barcode Date last seen Price effective from Koha item type
    Library of Congress Classification     مكتبة جامعة عجلون الوطنية مكتبة جامعة عجلون الوطنية 08/07/2024   QA248 2024 e3796 08/07/2024 08/07/2024 Thesis
    Library of Congress Classification     مكتبة جامعة عجلون الوطنية مكتبة جامعة عجلون الوطنية 08/07/2024   QA248 2024 e3795 08/07/2024 08/07/2024 Thesis